| 000 | 00593nam a22001937a 4500 | ||
|---|---|---|---|
| 005 | 20251108163348.0 | ||
| 008 | 250721s1996 xx 000 0 ara d | ||
| 082 | 1 | 4 | _a343.209565/نجم |
| 100 | 1 | _aنجم، محمد صبحي | |
| 245 | 1 | 0 |
_aقانون العقوبات : _bالقسم العام : النظرية العامة للجريمه / |
| 250 | _aط3 | ||
| 264 | 1 |
_aعمان : _bمكتبة دار الثقافه، _c1996. |
|
| 300 | _a353ص | ||
| 650 | 1 | 7 | _aالقانون الجنائي |
| 650 | 1 | 7 | _aالعقوبات |
| 650 | 1 | 7 | _aالأردن |
| 942 |
_2ddc _cBK |
||
| 999 |
_c765 _d765 |
||